All Hill Climb Racing 2 Vehicles - Statistics

General Stats
  • This quiz has been taken 4 times
  • The average score is 14 of 34
Answer Stats
Answer % Correct
Monster Truck
100%
Tank
100%
Bolt
50%
Bus
50%
Chopper
50%
Dune Buggy
50%
Formula
50%
Glider
50%
Hill Climber
50%
Hill Climber Mk2
50%
Hot Rod
50%
Hoverbike
50%
Monowheel
50%
Moonlander
50%
Motocross
50%
Racing Truck
50%
Raider
50%
Rally Car
50%
Rotator
50%
Scooter
50%
Snowmobile
50%
Sports Car
50%
Superbike
50%
Supercar
50%
Super Diesel
50%
Tractor
50%
ATV
0%
Beast
0%
CC-EV
0%
Lowrider
0%
Muscle Car
0%
Offroader
0%
Rock Bouncer
0%
Stocker
0%
No matching quizzes found
Score Distribution
Percent of People with Each Score
Percentile by Number Answered
Your Score History
You have not taken this quiz